Mega Man Robots Masters - Statistiques

Statistiques générales
  • Ce quiz a été pris 59 fois
    46 depuis la dernière actualisation
  • Le résultat moyen est 62 sur 97
Statistiques - réponses
Hint Réponse % Correct
DLN. 003 C Cut Man
91%
DLN. 005 I Ice Man
91%
DLN. 001 M Mega Man
91%
DLN. 002 R Roll
91%
DWN. 010 A Air Man
86%
Dr. L Dr. Light
86%
Dr. W Dr. Wily
86%
DLN. 007 F Fire Man
86%
DLN. 000 P Proto Man
86%
DWN. 016 W Wood Man
86%
DLN. 006 B Bomb Man
82%
DWN. 011 B Bubble Man
82%
DWN. 013 C Crash Man
82%
DLN. 008 E Elec Man
82%
DLN. 004 G Guts Man
82%
DWN. 009 M Metal Man
82%
DWN. 012 Q Quick Man
82%
DWN. 023 S Spark Man
82%
SWN. 001 B Bass
77%
DWN. 014 F Flash Man
77%
DWN. 015 H Heat Man
77%
DWN. 017 N Needle Man
77%
DWN. 024 S Shadow Man
77%
DWN. 038 C Charge Man
73%
DWN. 029 R Ring Man
73%
DLN. Dog R Rush
73%
DWN. 022 S Snake Man
73%
DWN. 037 S Star Man
73%
DWN. 021 T Top Man
73%
DWN. 031 D Dive Man
68%
DWN. 030 D Dust Man
68%
DWN. 019 G Gemini Man
68%
DWN. 020 H Hard Man
68%
DWN. 018 M Magnet Man
68%
DWN. 039 N Napalm Man
68%
DWN. 041 B Blizzard Man
64%
DWN. 025 B Bright Man
64%
DWN. 042 C Centaur Man
64%
DWN. 040 C Crystal Man
64%
DWN. 027 D Drill Man
64%
DWN. 043 F Flame Man
64%
DWN. 049 F Freeze Man
64%
DWN. 033 G Gravity Man
64%
DLN. 00B O Oil Man
64%
DWN. 028 P Pharaoh Man
64%
DWN. 045 P Plant Man
64%
DWN. 032 S Skull Man
64%
DLN. 00A T Time Man
64%
DWN. 026 T Toad Man
64%
DWN. 046 T Tomahawk Man
64%
DLN. 066 T Tornado Man
64%
DWN. 047 W Wind Man
64%
DWN. ∞ Z Zero
64%
DWN. 052 C Cloud Man
59%
DWN. 077 S Sheep Man
59%
DWN. 036 G Gyro Man
59%
DWN. 054 S Slash Man
59%
DWN. 035 S Stone Man
59%
DWN. Wolf T Treble
59%
DWN. 034 W Wave Man
59%
DWN. 048 Y Yamato Man
59%
DWN. 073 B Blade Man
55%
DWN. 083 B Blast Man
55%
DWN. 088 B Bounce Man
55%
DWN. 051 B Burst Man
55%
DWN. 082 F Fuse Man
55%
DWN. 087 I Impact Man
55%
DWN. 050 J Junk Man
55%
DWN. 044 K Knight Man
55%
DWN. 055 S Shade Man
55%
DLN. 067 S Splash Man
55%
DWN. 078 S Strike Man
55%
DWN. 059 S Sword Man
55%
DWN. 057 T Tengu Man
55%
DWN. 085 T Tundra Man
55%
DWN. 056 T Turbo Man
55%
DWN. 084 A Acid Man
50%
DWN. 064 A Aqua Man
50%
DWN. 081 B Block Man
50%
DLN. 065 C Concrete Man
50%
DWN. 062 F Frost Man
50%
DLN. 070 H Hornet Man
50%
DLN. 069 J Jewel Man
50%
DWN. 079 N Nitro Man
50%
DLN. 068 P Plug Man
50%
DWN. 061 S Search Man
50%
DWN. 080 S Solar Man
50%
DWN. 086 T Torch Man
50%
DWN. 060 C Clown Man
45%
DWN. 075 C Commando Man
45%
DWN. 074 P Pump Man
45%
DLN. 072 G Galaxy Man
45%
DWN. 063 G Grenade Man
45%
DLN. 071 M Magma Man
45%
DWN. 053 S Spring Man
45%
DWN. 058 A Astro Man
41%
DWN. 076 C Chill Man
41%
Aucun quiz correspondant
Distribution des résultats
% des personnes avec chaque résultat
Percentile par nombre de réponses
Votre historique - résultats
Vous n’avez pas pris ce quiz depuis la dernière actualisation